| 000 | 00353nam a2200109Ia 4500 | ||
|---|---|---|---|
| 008 | 160909s9999 xx 000 0 und d | ||
| 100 | _aDrobnock, G. J. Christopher | ||
| 245 | _atableau vivant [living picture] | ||
| 260 |
_bUniversity of Arkansas. _c2016 |
||
| 650 | _aMULTIMEDIA ARTS | ||
| 856 | _uhttp://pqdtopen.proquest.com/doc/1794167032.html?FMT=ABS | ||
| 999 |
_c304297 _d304297 |
||